Introduction to modern methods of quantum many-body theory and their applications
This invaluable book contains pedagogical articles on the dominant nonstochastic methods of microscopic many-body theories — the methods of density functional theory, coupled cluster theory, and correlated basis functions — in their widest sense. Other articles introduce students to applications of...
में बचाया:
| स्वरूप: | पुस्तक |
|---|---|
| भाषा: | Undetermined |
| प्रकाशित: |
Singapore
World Scientific
2002
|
| विषय: | |
| टैग : |
टैग जोड़ें
कोई टैग नहीं, इस रिकॉर्ड को टैग करने वाले पहले व्यक्ति बनें!
|
| Thư viện lưu trữ: | Trung tâm Học liệu Trường Đại học Cần Thơ |
|---|
| LEADER | 01128nam a2200205Ia 4500 | ||
|---|---|---|---|
| 001 | CTU_210709 | ||
| 008 | 210402s9999 xx 000 0 und d | ||
| 020 | |c 155.00 | ||
| 082 | |a 530.144 | ||
| 082 | |b I.61 | ||
| 245 | 0 | |a Introduction to modern methods of quantum many-body theory and their applications | |
| 245 | 0 | |c Editors, Adelchi Fabrocini, Stefano Fantoni, Eckhard Krotscheck | |
| 260 | |a Singapore | ||
| 260 | |b World Scientific | ||
| 260 | |c 2002 | ||
| 520 | |a This invaluable book contains pedagogical articles on the dominant nonstochastic methods of microscopic many-body theories — the methods of density functional theory, coupled cluster theory, and correlated basis functions — in their widest sense. Other articles introduce students to applications of these methods in front-line research, such as Bose-Einstein condensates, the nuclear many-body problem, and the dynamics of quantum liquids. | ||
| 650 | |a Many-body problem,Vấn đề nhiều vật thể | ||
| 650 | |x Congresses,Hội nghị, hội thảo | ||
| 904 | |i Qhieu | ||
| 980 | |a Trung tâm Học liệu Trường Đại học Cần Thơ | ||